[Event "TUR-ch U20"]
[Site "Samsun"]
[Date "2023.05.22"]
[Round "5"]
[White "Turker, Esat Tuna"]
[Black "Temizer, Umut"]
[Result "0-1"]
[WhiteElo "1713"]
[BlackElo "1973"]
[PlyCount "139"]
[EventDate "2023.05.19"]
[EventType "swiss"]
[EventRounds "9"]
[EventCountry "TUR"]
[SourceTitle "CBM 214 Extra"]
[Source "ChessBase"]
[SourceDate "2023.07.31"]
[SourceVersion "1"]
[SourceVersionDate "2023.07.31"]
[SourceQuality "1"]

1. d4 d5 2. c4 e6 3. cxd5 exd5 4. Nc3 c6 5. Qc2 Nf6 6. Bg5 Be7 7. e3 Nbd7 8. Bd3 Nh5 9. Bxe7 Qxe7 10. Nge2 g6 11. 0-0 0-0 12. Rfe1 Ndf6 13. Nf4 Ng7 14. a4 Bf5 15. a5 a6 16. Na4 Rad8 17. Nc5 Bc8 18. Qb3 Rd6 19. Ra4 Nd7 20. Nxb7 Bxb7 21. Qxb7 Rb8 22. Qxa6 c5 23. Qa7 c4 24. Be2 Qd8 25. Nxd5 Rxd5 26. Bxc4 Ra8 27. Qb7 Rdxa5 28. Rxa5 Rxa5 29. b4 Ra8 30. Rc1 Rb8 31. Qd5 Qe7 32. b5 Nf5 33. Qf3 Nd6 34. Bf1 Nxb5 35. Qd5 Qe6 36. Qxe6 fxe6 37. Rc6 Kf7 38. g3 Ke7 39. Bc4 Nd6 40. Be2 Rb2 41. Kf1 Rb6 42. Rc7 Rb7 43. Rc6 Nf6 44. f3 Kd7 45. Ra6 Nd5 46. e4 Nb4 47. Ra4 Nc6 48. d5 exd5 49. exd5 Ne7 50. Rh4 h5 51. g4 Rb4 52. Rh3 hxg4 53. fxg4 Nxd5 54. Rh7+ Ke6 55. h3 Nf4 56. Bf3 Nf7 57. h4 Rb2 58. h5 Ng5 59. Ra7 Nxf3 60. Ra6+ Kf7 61. hxg6+ Nxg6 62. g5 Nxg5 63. Ra5 Kf6 64. Ra4 Kf5 65. Rc4 Ne4 66. Rc8 Nf4 67. Rf8+ Kg4 68. Rg8+ Kf3 69. Kg1 Ng3 70. Rg4 0-1